000 01904nam a2200541 i 4500
001 30205
003 KOSZ 005
005 20200730105213.0
008 160428s1994 pl f d |000 0 pol
015 _aUWD 2016/21411
020 _a8385366695
035 _a991045068239705066
035 _a(PL-WaBN)b51132370-48omnis_nlop
035 _ab51132370
035 _a(OCoLC)69602762
035 _a(PL)b0000005113237
035 _a(EXLNZ-48OMNIS_NETWORK)9910171611905606
040 _aWA N
_cWA N
_dKOSZ 005/EG
041 0 _apol
_ager
080 _a(038)
080 _a336
080 _a339.1
100 1 _aDreger, Henryk
_eAutor
245 1 0 _aSłownik handlowo-finansowy :
_bpolsko-niemiecki, niemiecko-polski = deutsch-polnisches, polnisch-deutsches /
_cHenryk Dreger, Piotr Dreger.
260 _aWarszawa :
_bPoltext,
_c1994.
300 _a299, 367 s. ;
_c22 cm.
336 _aTekst
_btxt
_2rdacontent
337 _aBez urządzenia pośredniczącego
_bn
_2rdamedia
338 _aWolumin
_bnc
_2rdacarrier
380 _aKsiążki
388 _a1901-2000
388 _a1989-2000
500 _aOprawne w kierunku przeciwstawnym.
501 _aWspółwyd.: Wörterbuch für Handel und Finanzen : deutsch-polnisches, polnisch-deutsches = polsko-niemiecki, niemiecko-polski / Henryk Dreger, Piotr Dreger.
650 7 _aFinanse
_2DBN
650 7 _aHandel
_2DBN
650 7 _aTerminologia
_2DBN
655 7 _aSłownik niemiecko-polski
_2DBN
655 7 _aSłownik polsko-niemiecki
_2DBN
655 7 _aSłownik terminologiczny
_2DBN
658 _aJęzykoznawstwo
700 1 _aDreger, Piotr
_eAutor
710 2 _aWydawnictwo Poltext
_4pbl
856 _uhttp://koha.tu.koszalin.pl/cgi-bin/koha/opac-detail.pl?biblionumber=30205
_yKatalog online BPK
942 _2UKD
_cKS
999 _c30205
_d30205